000 00890nam a2200253Ia 4500
003 OSt
005 20220923220648.0
006 a|||||r|||| 00| 0
007 ta
008 220922b |||||||| |||| 00| 0 hin d
024 _a188,759
037 _cTextual
040 _aARTS
_cARTS
_bhin
041 _2hin
_ahin
082 _aO152,2M89x, L7
100 _aजयशंकर प्रसाद
245 0 _aअग्निमित्र, संपा रत्नशंकर प्रसाद
246 _aAgnimitra, sanpā. Ratnashankar prasāda
260 _aवाराणसी
_b हिन्दी प्रचारक संस्थान
_c1977
300 _a50 पृ.
_ccm.
650 _aहिन्दी साहित्य
_9156264
942 _hO152,2M89x, L7
_cTEXL
_2CC
999 _c341653
_d341653